[Event "European Rapid 2017"]
[Site "Katowice POL"]
[Date "2017.12.16"]
[Round "5.37"]
[White "Pavlidis, Antonios"]
[Black "Bielczyk, Jacek"]
[Result "1-0"]
[WhiteTitle "GM"]
[BlackTitle "IM"]
[WhiteElo "2539"]
[BlackElo "2279"]
[WhiteFideId "4212312"]
[BlackFideId "1100530"]
[EventDate "2017.12.16"]

1. e4 c5 2. Nf3 Nc6 3. Bb5 g6 4. Bxc6 bxc6 5. d4 Bg7 6. dxc5 Qa5+ 7. c3 Qxc5 8.
O-O d6 9. Be3 Qh5 10. Bd4 Nf6 11. e5 dxe5 12. Bxe5 O-O 13. Nbd2 Be6 14. Re1 Rfd8
15. Bd4 c5 16. Re5 cxd4 17. Rxh5 Nxh5 18. Nxd4 Bd5 19. Qa4 Rac8 20. N4f3 e5 21.
g3 e4 22. Nxe4 f5 23. Ned2 Rb8 24. Re1 Rxb2 25. Re8+ Rxe8 26. Qxe8+ Bf8 27. Qd8
Bb7 28. Ne5 Ng7 29. Qd7 Bc5 30. Nec4 Rxa2 31. Qxb7 1-0

[Event "European Rapid 2017"]
[Site "Katowice POL"]
[Date "2017.12.16"]
[Round "5.38"]
[White "Skliarov, Viktor"]
[Black "Heberla, Bartlomiej"]
[Result "1-0"]
[WhiteTitle "IM"]
[BlackTitle "GM"]
[WhiteElo "2353"]
[BlackElo "2555"]
[WhiteFideId "14106736"]
[BlackFideId "1115120"]
[EventDate "2017.12.16"]

1. e4 c5 2. Nf3 Nc6 3. Bb5 a6 4. Bxc6 dxc6 5. d3 Qc7 6. O-O e5 7. Nc3 Ne7 8. Be3
Ng6 9. a3 b5 10. Nd2 Be6 11. Qb1 Bd6 12. Ne2 O-O 13. c4 Qe7 14. Qc2 Nf4 15. Bxf4
exf4 16. d4 f3 17. Nxf3 Bxc4 18. Rfe1 Rfd8 19. e5 Bc7 20. dxc5 Rd7 21. Ng3 Bd3
22. Qc3 Rad8 23. Rad1 a5 24. b4 a4 25. e6 fxe6 26. Ne5 Bxe5 27. Qxe5 Bg6 28.
Rxd7 Qxd7 29. h4 Re8 30. h5 Bc2 31. h6 Bg6 32. Ne4 Rf8 33. Nd6 gxh6 34. Qxe6+
Qxe6 35. Rxe6 Rf4 36. Nb7 Be4 37. Na5 Rg4 38. g3 Bd5 39. Rd6 Rd4 40. f3 Rd1+ 41.
Kf2 Rd2+ 42. Ke1 Ra2 43. Nxc6 Bxf3 44. Nd4 Bg4 45. Nxb5 Rg2 46. c6 Rxg3 47. c7
h5 48. Rd8+ Kg7 49. c8=Q Bxc8 50. Rxc8 h4 51. Kf2 Rb3 52. Kg2 Kg6 53. Rc3 Rb2+
54. Kh3 Kf5 55. Kxh4 Kf4 56. Kh3 Ke4 57. Rg3 Rb3 58. Nc3+ Kd4 59. Nxa4 Rb1 60.
Nc5 Kc4 61. Ne4 Ra1 62. Nd2+ Kb5 63. Rg5+ Ka6 64. Ra5+ Kb7 65. Nf3 Kb6 66. Ne5
Rc1 67. Rc5 Ra1 68. Nc4+ Kb7 69. b5 h5 70. Rxh5 Rc1 71. Rc5 Kb8 72. a4 Ka7 73.
a5 Rc3+ 74. Kg4 Rc1 75. Kf4 Rf1+ 76. Ke4 Rh1 77. Rc7+ Kb8 78. Rg7 Rh5 79. Ne5
Ka8 80. b6 1-0

[Event "European Rapid 2017"]
[Site "Katowice POL"]
[Date "2017.12.16"]
[Round "5.39"]
[White "Orndahl, Markus"]
[Black "Warakomski, Tomasz"]
[Result "1/2-1/2"]
[BlackTitle "GM"]
[WhiteElo "2182"]
[BlackElo "2537"]
[WhiteFideId "1709135"]
[BlackFideId "1124552"]
[EventDate "2017.12.16"]

1. e4 c6 2. d3 d5 3. Nd2 e5 4. Ngf3 Bd6 5. g3 Nf6 6. Bg2 O-O 7. O-O Re8 8. Re1
h6 9. b3 Nbd7 10. Bb2 a5 11. a3 d4 12. Rf1 a4 13. b4 c5 14. Nc4 Bc7 15. b5 Nb6
16. Nxb6 Bxb6 17. c4 dxc3 18. Bxc3 Bc7 19. b6 Bd6 20. Rb1 Bg4 21. Qc2 Bxf3 22.
Bxf3 Ra6 23. Rb5 Nd7 24. Rfb1 Nb8 25. Bd2 Nc6 26. Be3 Qe7 27. Kg2 Nd4 28. Bxd4
cxd4 29. Qc4 Bxa3 30. Ra1 Rea8 31. Bd1 Ra5 32. Rxa5 Rxa5 33. Qc7 Bd6 34. Qxe7
Bxe7 35. Rxa4 Rxa4 36. Bxa4 Bd8 37. Bd7 Bxb6 38. Bc8 1/2-1/2

[Event "European Rapid 2017"]
[Site "Katowice POL"]
[Date "2017.12.16"]
[Round "5.40"]
[White "Dudzinski, Pawel"]
[Black "Stocek, Jiri"]
[Result "0-1"]
[WhiteTitle "FM"]
[BlackTitle "GM"]
[WhiteElo "2241"]
[BlackElo "2566"]
[WhiteFideId "1117890"]
[BlackFideId "304760"]
[EventDate "2017.12.16"]

1. e4 c5 2. c4 d6 3. Nc3 Nc6 4. g3 a6 5. Nge2 Ne5 6. Ng1 Bg4 7. f3 Bd7 8. d4
cxd4 9. Qxd4 e6 10. b3 Rc8 11. Bb2 Nf6 12. f4 Ng6 13. Bg2 e5 14. Qd2 exf4 15.
gxf4 Nh4 16. Nf3 Nxg2+ 17. Qxg2 b5 18. Nd2 Be7 19. O-O bxc4 20. Nxc4 Be6 21. Nd5
Bxd5 22. exd5 O-O 23. Kh1 Rc5 24. Rae1 Ne8 25. Bd4 Rb5 26. Na3 Rb8 27. Rc1 Bf6
28. Bxf6 Nxf6 29. Rc6 Re8 30. Nc4 Ne4 31. Rxa6 Rb5 32. Nd2 Nf6 33. Rg1 g6 34.
Nc4 Rxd5 35. Nb6 Rd4 36. Qc6 Qe7 37. Ra8 Rxa8 38. Qxa8+ Kg7 39. Qf3 d5 40. f5
Rd2 41. fxg6 hxg6 42. Rd1 Rxd1+ 43. Qxd1 Qe4+ 44. Kg1 Qe3+ 45. Kg2 Qxb6 46. a4
d4 47. a5 Qxa5 48. Qxd4 Qa2+ 0-1

[Event "European Rapid 2017"]
[Site "Katowice POL"]
[Date "2017.12.16"]
[Round "5.41"]
[White "Moskalenko, Alexander"]
[Black "Bakalarz, Mietek"]
[Result "1-0"]
[WhiteTitle "IM"]
[BlackTitle "IM"]
[WhiteElo "2522"]
[BlackElo "2266"]
[WhiteFideId "4155351"]
[BlackFideId "4000749"]
[EventDate "2017.12.16"]

1. Nf3 d5 2. d4 Bf5 3. Bf4 e6 4. e3 Bd6 5. Bxd6 Qxd6 6. c4 Qb4+ 7. Qd2 a5 8. Nc3
c6 9. Nh4 Be4 10. cxd5 cxd5 11. f3 Bg6 12. Nb5 Qxd2+ 13. Kxd2 Kd7 14. Be2 Ne7
15. g4 h5 16. g5 Nbc6 17. Rac1 a4 18. Rc3 Ra5 19. Rhc1 Nf5 20. Nxf5 Bxf5 21. Rc5
h4 22. e4 dxe4 23. d5 Rc8 24. dxc6+ Rxc6 25. Rxc6 bxc6 26. Nd4 Rd5 27. Ke3 c5
28. Nxf5 exf5 29. Rd1 Rxd1 30. Bxd1 exf3 31. Kxf3 a3 32. bxa3 Kc6 33. Bb3 f6 34.
gxf6 gxf6 35. Kf4 Kb5 36. a4+ Kb4 37. Kxf5 c4 38. Kxf6 cxb3 39. axb3 1-0

[Event "European Rapid 2017"]
[Site "Katowice POL"]
[Date "2017.12.16"]
[Round "5.42"]
[White "Bartel, Michal"]
[Black "Michalik, Peter"]
[Result "0-1"]
[WhiteTitle "FM"]
[BlackTitle "GM"]
[WhiteElo "2360"]
[BlackElo "2557"]
[WhiteFideId "1119257"]
[BlackFideId "14907526"]
[EventDate "2017.12.16"]

1. e4 c6 2. d4 d5 3. e5 Bf5 4. Nf3 e6 5. Be2 Nd7 6. O-O Bg6 7. a4 a5 8. Re1 Nh6
9. Nbd2 Bb4 10. c3 Be7 11. Nb3 Qb6 12. h3 O-O 13. g4 Kh8 14. Be3 Ng8 15. c4 dxc4
16. Bxc4 Qd8 17. Bd2 Nb6 18. Nxa5 Nxc4 19. Nxc4 b5 20. Ne3 Be4 21. Ng2 Bd5 22.
a5 b4 23. a6 c5 24. dxc5 Bxf3 25. Qxf3 Qxd2 26. c6 Qxb2 27. c7 Bc5 28. Nf4 Ne7
29. Nd3 Qd4 30. Nxc5 Qxc5 31. Qb7 Nd5 32. Rec1 Nc3 33. Kf1 Ra7 34. Qb8 Kg8 35.
Ra5 Qxc7 36. Qxb4 Nd5 37. Rxc7 Nxb4 38. Rxa7 Nc6 39. Rc5 Nxa7 40. Rc7 Ra8 41.
Ke2 g5 42. Kd3 Nb5 43. Rb7 Rxa6 44. Rxb5 Ra3+ 45. Ke4 Rxh3 46. Ra5 Rb3 47. Ra4
Kg7 48. Rc4 Ra3 49. Rb4 Kg6 50. Rc4 Rh3 51. Ra4 Kg7 52. Rb4 h5 53. f4 Rh4 54.
Kd4 0-1

[Event "European Rapid 2017"]
[Site "Katowice POL"]
[Date "2017.12.16"]
[Round "5.43"]
[White "Ladva, Ottomar"]
[Black "Gazik, Viktor"]
[Result "0-1"]
[WhiteTitle "GM"]
[BlackTitle "IM"]
[WhiteElo "2522"]
[BlackElo "2479"]
[WhiteFideId "4500024"]
[BlackFideId "14928752"]
[EventDate "2017.12.16"]

1. Nf3 Nf6 2. d4 g6 3. g3 Bg7 4. Bg2 O-O 5. O-O d6 6. b3 c6 7. Bb2 Nbd7 8. c4 a6
9. a4 a5 10. Nc3 Re8 11. d5 cxd5 12. cxd5 Nc5 13. Nd2 b6 14. Nb5 Ba6 15. Nd4 Rc8
16. Rc1 e6 17. dxe6 fxe6 18. Nc4 d5 19. Ne5 Qd6 20. f4 Nfe4 21. Nb5 Qe7 22. Bd4
Red8 23. e3 Qe8 24. Qe2 Nxb3 25. Rxc8 Rxc8 26. Bxe4 dxe4 27. Bxb6 Nc5 28. Rc1
Nxa4 29. Rxc8 Qxc8 0-1

[Event "European Rapid 2017"]
[Site "Katowice POL"]
[Date "2017.12.16"]
[Round "5.44"]
[White "Tymrakiewicz, Rafal"]
[Black "Rausis, Igors"]
[Result "1-0"]
[WhiteTitle "FM"]
[BlackTitle "GM"]
[WhiteElo "2272"]
[BlackElo "2632"]
[WhiteFideId "1108832"]
[BlackFideId "11600098"]
[EventDate "2017.12.16"]

1. d4 d5 2. Bf4 c5 3. e3 Nc6 4. Nf3 cxd4 5. exd4 Bg4 6. c3 Nf6 7. Nbd2 e6 8. Qb3
Bd6 9. Bg3 O-O 10. Bd3 Rb8 11. O-O Bxg3 12. fxg3 Bh5 13. Rae1 b5 14. a3 Bg6 15.
Bxg6 hxg6 16. Ng5 a5 17. Ndf3 b4 18. axb4 axb4 19. Qc2 Qd6 20. Kh1 bxc3 21. bxc3
Rbc8 22. Qd2 Qc7 23. g4 Nxg4 24. h3 Nh6 25. Qf2 Ne7 26. g4 Qf4 27. Re3 Rc6 28.
Qe1 Nef5 29. gxf5 Nxf5 30. Rxe6 fxe6 31. Nxe6 Qd6 32. Nxf8 Ng3+ 33. Kg2 Nxf1 34.
Ne5 Rb6 35. Nfxg6 Qf6 36. Qxf1 Rb2+ 37. Kg1 Qg5+ 38. Kh1 Kh7 39. Nf8+ Kg8 40.
Qf7+ 1-0

[Event "European Rapid 2017"]
[Site "Katowice POL"]
[Date "2017.12.16"]
[Round "5.45"]
[White "Lintner, Igor"]
[Black "Kovalev, Denis"]
[Result "0-1"]
[BlackTitle "IM"]
[WhiteElo "2153"]
[BlackElo "2504"]
[WhiteFideId "14932970"]
[BlackFideId "14104059"]
[EventDate "2017.12.16"]

1. e4 c6 2. Nc3 d5 3. Nf3 dxe4 4. Nxe4 Bf5 5. Ng3 Bg4 6. h3 Bxf3 7. Qxf3 Nf6 8.
Bc4 e6 9. O-O Nbd7 10. Re1 Be7 11. d3 O-O 12. Bf4 Nd5 13. Bxd5 cxd5 14. c3 b5
15. a3 Re8 16. Be5 Nxe5 17. Rxe5 Bd6 18. Re2 g6 19. d4 a5 20. Nf1 b4 21. axb4
axb4 22. Rxa8 Qxa8 23. g4 Qa1 24. c4 dxc4 25. Qc6 Rd8 26. Qxc4 Qd1 27. Kg2 Bf8
28. Rd2 Qb1 29. Ng3 Rd5 30. Qd3 Qxd3 31. Rxd3 Bc5 32. b3 Rxd4 33. Rxd4 Bxd4 34.
Ne2 Bc5 35. Nc1 f5 36. Nd3 Bd6 37. Kf3 Kf7 38. Ke3 e5 39. f3 Ke6 40. Nb2 Kd5 41.
Kd3 fxg4 42. hxg4 h5 43. gxh5 gxh5 44. Nc4 Bc5 45. Nd2 h4 46. Ne4 h3 47. Ng3 h2
48. Nh1 Bb6 49. Ng3 Bf2 50. Nh1 Bh4 51. Ke3 Ke6 52. Ke4 Be1 53. f4 exf4 54. Kxf4
Kd5 55. Ke3 Ke5 56. Ke2 Bh4 57. Ke3 Bg5+ 58. Kd3 Kf4 59. Ke2 Ke4 60. Kf2 Kd3 61.
Kg2 Bh4 62. Kf3 Kc3 0-1

[Event "European Rapid 2017"]
[Site "Katowice POL"]
[Date "2017.12.16"]
[Round "5.46"]
[White "Sergeev, Vladimir"]
[Black "Olsen, Filip Boe"]
[Result "1/2-1/2"]
[WhiteTitle "GM"]
[BlackTitle "FM"]
[WhiteElo "2406"]
[BlackElo "2294"]
[WhiteFideId "14101076"]
[BlackFideId "1440640"]
[EventDate "2017.12.16"]

1. d4 d5 2. Bf4 Nf6 3. e3 c5 4. c3 Nc6 5. Nd2 cxd4 6. exd4 Bf5 7. Ngf3 e6 8. Qb3
Qb6 9. Qxb6 axb6 10. Bb5 Nd7 11. O-O Be7 12. Ne5 Ndxe5 13. Bxe5 O-O 14. Bc7 Bd8
15. Bd6 Re8 16. Rfe1 Be7 17. Bc7 Bd8 18. Bf4 Bf6 19. f3 h6 20. g4 Bh7 21. Kg2
Rec8 22. Bg3 Bd8 23. h4 Bc7 24. Nf1 Ne7 25. Bd7 Bxg3 26. Nxg3 Rc7 27. Bb5 Ng6
28. h5 Nf4+ 29. Kf2 Bd3 30. Ke3 Bxb5 31. Kxf4 Bd3 32. Rad1 Bc4 33. a3 Re8 34.
Rd2 Rce7 35. Ke3 f5 36. Kf4 fxg4 37. Kxg4 Rf8 38. f4 Bb5 39. Re5 Ref7 40. f5
exf5+ 41. Kf4 Bc4 42. Re6 Kh7 43. Rd1 Rf6 44. Rde1 Bd3 45. Rxf6 Rxf6 46. Re7 Kg8
47. Re8+ Kf7 48. Rb8 g5+ 49. hxg6+ Rxg6 50. Rxb7+ Kg8 51. a4 Rg4+ 52. Kf3 Be4+
53. Kf2 f4 54. Nxe4 dxe4 55. Rxb6 f3 56. Re6 Rg2+ 57. Kf1 Re2 58. a5 e3 59. a6
Rf2+ 60. Ke1 Re2+ 61. Kf1 Rf2+ 62. Kg1 Rg2+ 63. Kh1 Rxb2 64. a7 Ra2 65. Rxe3
Rxa7 66. Rxf3 Kg7 67. Kg2 Kg6 68. Kg3 Kg5 69. Re3 Rc7 70. d5 h5 71. d6 Rd7 72.
Rd3 Kf5 73. c4 Ke6 74. c5 Rd8 75. Kh4 Kd7 76. Kg5 Kc6 77. Kf6 h4 78. Ke7 Rd7+
79. Ke6 Rd8 80. d7 h3 81. Rd6+ Kc7 82. Rd3 h2 83. Rh3 Rxd7 84. Rxh2 Rd1 85. Rc2
Kc6 86. Rc3 Re1+ 87. Kf5 Rd1 88. Ke4 Rd5 89. Rc2 Rxc5 90. Rxc5+ Kxc5 1/2-1/2

[Event "European Rapid 2017"]
[Site "Katowice POL"]
[Date "2017.12.16"]
[Round "5.47"]
[White "Aleksandrov, Aleksej"]
[Black "Quilter, Thomas A"]
[Result "1-0"]
[WhiteTitle "GM"]
[WhiteElo "2589"]
[BlackElo "2195"]
[WhiteFideId "13500139"]
[BlackFideId "408530"]
[EventDate "2017.12.16"]

1. d4 Nf6 2. c4 g6 3. Nc3 Bg7 4. e4 O-O 5. Be3 d6 6. h3 e5 7. d5 a5 8. Nf3 Na6
9. g4 Nd7 10. Rg1 Ndc5 11. Nd2 Kh8 12. Nb3 Nxb3 13. Qxb3 f5 14. g5 b6 15. h4 Nc5
16. Qc2 fxe4 17. O-O-O Bf5 18. Bg2 a4 19. Nxe4 Nxe4 20. Bxe4 a3 21. b3 Qe8 22.
h5 Bxe4 23. Qxe4 Rf5 24. Rg2 Qf7 25. Rh1 Kg8 26. Rgh2 Rf3 27. hxg6 hxg6 28. Qh4
Kf8 29. Qg4 Ke7 30. Rh7 Rg8 31. Kd1 Qf5 32. Qxf5 Rxf5 33. Ke2 Kf7 34. Kd3 Rf8
35. R7h3 Ke7 36. b4 Rf3 37. Rxf3 Rxf3 38. Rh7 Rf7 39. Ke4 Kf8 40. Rh1 Ke7 41.
Rb1 Rf8 42. Rb3 Rh8 43. Rxa3 Rh4+ 44. Kd3 e4+ 45. Ke2 Kd7 46. Ra8 Rh8 47. Ra7
Rh1 48. Bxb6 Ra1 49. Rxc7+ Ke8 50. Rxg7 Rxa2+ 51. Ke3 1-0

[Event "European Rapid 2017"]
[Site "Katowice POL"]
[Date "2017.12.16"]
[Round "5.48"]
[White "Smolin, Sergey1"]
[Black "Saric, Ivan"]
[Result "0-1"]
[WhiteTitle "IM"]
[BlackTitle "GM"]
[WhiteElo "2153"]
[BlackElo "2669"]
[WhiteFideId "4131177"]
[BlackFideId "14508150"]
[EventDate "2017.12.16"]

1. e4 c5 2. Nc3 d6 3. f4 g6 4. Nf3 Bg7 5. Bb5+ Bd7 6. Bxd7+ Qxd7 7. O-O Nc6 8.
Kh1 Nh6 9. d3 f5 10. Nd5 e6 11. Ne3 O-O-O 12. exf5 gxf5 13. c3 e5 14. Nc4 e4 15.
Ng5 d5 16. Na3 Rhe8 17. h3 d4 18. cxd4 Qxd4 19. Qb3 e3 20. Nc2 e2 21. Re1 Qxd3
22. Be3 Qxb3 23. axb3 Nd4 24. Nxd4 cxd4 25. Bd2 Kb8 26. Nxh7 d3 27. Ng5 Ng4 28.
Nf3 Nf2+ 29. Kg1 Ne4 30. g4 Nxd2 31. Nxd2 Bd4+ 32. Kg2 fxg4 33. hxg4 Be3 34. Nc4
Bxf4 35. Kf3 Bg5 36. Ra5 Bh4 0-1

[Event "European Rapid 2017"]
[Site "Katowice POL"]
[Date "2017.12.16"]
[Round "5.49"]
[White "Herman, Jean"]
[Black "Dvirnyy, Danyyil"]
[Result "1/2-1/2"]
[BlackTitle "GM"]
[WhiteElo "2255"]
[BlackElo "2532"]
[WhiteFideId "263036"]
[BlackFideId "817570"]
[EventDate "2017.12.16"]

1. d4 Nf6 2. Nf3 g6 3. c4 Bg7 4. Nc3 d5 5. Bg5 Ne4 6. Qc1 c5 7. Bh6 Bxh6 8. Qxh6
cxd4 9. Qg7 Rf8 10. Qxd4 Nc6 11. Qxd5 Nxc3 12. Qxd8+ Kxd8 13. bxc3 Na5 14. e3 f6
15. Rd1+ Kc7 16. Nd4 Bd7 17. Nb3 Nc6 18. Be2 Rad8 19. O-O Be6 20. f4 Bf7 21. Kf2
e5 22. g3 h6 23. h4 b6 24. c5 Be6 25. cxb6+ axb6 26. Rxd8 Rxd8 27. Rd1 Ra8 28.
Rd2 Ra3 29. Rb2 Ra4 30. Bb5 Ra3 31. Bd3 g5 32. hxg5 hxg5 33. Kf3 g4+ 34. Kf2 Na5
35. Nxa5 bxa5 36. Be4 f5 37. Bb1 Rxc3 38. Rc2 Rxc2+ 39. Bxc2 Kd6 40. Ke2 e4 41.
a3 Kc5 42. Kd2 Kc4 43. Bd1 Bd7 44. Bc2 Bc6 45. Bd1 Be8 46. Bc2 Bd7 47. Bd1 Be8
48. Bc2 Bd7 1/2-1/2

[Event "European Rapid 2017"]
[Site "Katowice POL"]
[Date "2017.12.16"]
[Round "5.50"]
[White "Jussupow, Artur"]
[Black "Rawicz, Karol"]
[Result "0-1"]
[WhiteTitle "GM"]
[BlackTitle "FM"]
[WhiteElo "2582"]
[BlackElo "2164"]
[WhiteFideId "4618777"]
[BlackFideId "1141791"]
[EventDate "2017.12.16"]

1. d4 d5 2. e3 Nf6 3. Bd3 g6 4. f4 Bg7 5. Nf3 O-O 6. O-O b6 7. Qe2 c5 8. c3 Bb7
9. Bd2 Nbd7 10. Be1 Ne4 11. Nbd2 Ndf6 12. Ne5 Nxd2 13. Bxd2 Ne4 14. Be1 Qc7 15.
Bg3 Nxg3 16. hxg3 f6 17. Nxg6 hxg6 18. Bxg6 e6 19. Qh5 Rfd8 20. g4 Kf8 21. Rf3
Ke7 22. Rh3 Rh8 23. Bh7 Raf8 24. Qg6 Kd8 25. Kf2 Bc6 26. Rah1 Be8 27. Qd3 Kc8
28. Bg6 Bf7 29. Rh7 Rxh7 30. Rxh7 Bg8 31. Rh1 cxd4 32. cxd4 Kb8 33. Qa3 e5 34.
Kg3 exf4+ 35. exf4 Rd8 36. Qe3 Bf7 37. Rc1 Qb7 38. Bf5 Re8 39. Qa3 Bf8 40. Qa4
Qe7 41. Qb3 Bh6 42. Qc3 Qe3+ 43. Qxe3 Rxe3+ 44. Kf2 Bxf4 45. Rc8+ Kb7 46. g3 Bg5
47. Rc2 Re8 48. Rc3 Be6 49. Kf3 Bxf5 50. gxf5 Re4 51. Rd3 b5 52. a3 a5 53. b3 a4
54. Kf2 Kb6 55. b4 Kc6 56. Rc3+ Kd6 57. Rc5 Rxd4 58. Rxb5 Rd3 59. Ra5 Rxa3 60.
Ra6+ Ke5 61. b5 Kxf5 62. b6 Rb3 63. Rxa4 Rxb6 0-1

[Event "European Rapid 2017"]
[Site "Katowice POL"]
[Date "2017.12.16"]
[Round "5.51"]
[White "Bolsakovs, Vadims"]
[Black "Miezis, Normunds"]
[Result "0-1"]
[BlackTitle "GM"]
[WhiteElo "2128"]
[BlackElo "2434"]
[WhiteFideId "11601981"]
[BlackFideId "11600136"]
[EventDate "2017.12.16"]

1. d4 Nf6 2. Nf3 e6 3. c4 Bb4+ 4. Bd2 a5 5. Qc2 d5 6. cxd5 exd5 7. Nc3 c6 8. Bg5
h6 9. Bh4 O-O 10. e3 Re8 11. Bd3 Bd6 12. O-O Bg4 13. Bh7+ Kh8 14. Bf5 Bxf5 15.
Qxf5 Qd7 16. Qc2 Ne4 17. Nxe4 Rxe4 18. Bg3 Bxg3 19. hxg3 Qe8 20. Ne5 Nd7 21. f3
Rxe3 22. Qf2 Rxe5 23. dxe5 Qxe5 24. Rfe1 Qd6 25. Re2 d4 26. Rd1 c5 27. Qe3 Kg8
28. Qe4 Rb8 29. Rc1 b6 30. b3 Qxg3 31. Qe7 Nf6 32. Rce1 Nd5 33. Qe5 Qxe5 34.
Rxe5 Nf6 35. Kf2 Rd8 36. Re7 Kf8 37. Rb7 Nd5 38. Re5 g6 39. Ke2 Nc3+ 40. Kd3 Rd6
41. a3 h5 42. Ree7 Rf6 43. Red7 Nb5 44. Rd8+ Kg7 45. Rdb8 Nxa3 46. Rxb6 Rf5 47.
Ra8 Re5 48. Rxa5 c4+ 0-1

[Event "European Rapid 2017"]
[Site "Katowice POL"]
[Date "2017.12.16"]
[Round "5.52"]
[White "Ovod, Evgenija"]
[Black "Stupak, Kirill"]
[Result "0-1"]
[WhiteTitle "IM"]
[BlackTitle "GM"]
[WhiteElo "2364"]
[BlackElo "2588"]
[WhiteFideId "4131827"]
[BlackFideId "13503758"]
[EventDate "2017.12.16"]

1. d4 Nf6 2. Bg5 e6 3. Nd2 d5 4. e3 Be7 5. Bd3 c5 6. c3 Nc6 7. f4 Qb6 8. Rb1 h6
9. Bxf6 gxf6 10. Qh5 e5 11. fxe5 fxe5 12. Ne2 cxd4 13. cxd4 Be6 14. O-O Bg5 15.
Bf5 Bxe3+ 16. Kh1 O-O-O 17. Nf3 exd4 18. Qxf7 Bxf5 19. Qxf5+ Kb8 20. b4 Qb5 21.
Nexd4 Bxd4 22. Nxd4 Nxd4 23. Qe5+ Ka8 24. Qxd4 Rhe8 25. a4 Qc4 26. Qg7 h5 27. a5
Rg8 28. Qf7 h4 29. h3 Qb5 30. Qf4 d4 31. Qxh4 d3 32. Qe4 Rge8 33. Qf3 d2 34. Kh2
Rd3 35. Qf4 Red8 36. Rbd1 R3d5 37. Rxd2 a6 38. Rxd5 Qxd5 39. Rf2 Re8 40. Rd2 Qb5
41. h4 Rc8 42. Rd4 Rg8 43. Qf6 Qe8 44. b5 axb5 45. a6 Qb8+ 46. Qd6 bxa6 47.
Qxb8+ Rxb8 48. h5 b4 49. h6 b3 50. h7 Rh8 51. g4 Rxh7+ 52. Kg3 b2 53. Rd1 a5 54.
g5 a4 55. Kg4 a3 56. g6 Rg7 57. Kg5 a2 58. Kf6 Rxg6+ 59. Kxg6 b1=Q+ 0-1

[Event "European Rapid 2017"]
[Site "Katowice POL"]
[Date "2017.12.16"]
[Round "5.53"]
[White "Krejci, Jan2"]
[Black "Sotsky, Alexander"]
[Result "1-0"]
[WhiteTitle "GM"]
[BlackTitle "IM"]
[WhiteElo "2570"]
[BlackElo "2333"]
[WhiteFideId "322156"]
[BlackFideId "4130715"]
[EventDate "2017.12.16"]

1. e4 e6 2. d4 d5 3. Nd2 dxe4 4. Nxe4 Bd7 5. Nf3 Bc6 6. Bd3 Bxe4 7. Bxe4 c6 8.
c3 Nf6 9. Bc2 Bd6 10. Bg5 Nbd7 11. O-O Qc7 12. a4 O-O 13. a5 Rfe8 14. Re1 b6 15.
b4 g6 16. h3 Nd5 17. Bd2 b5 18. Ng5 Bf8 19. Qf3 N7f6 20. Re2 Rad8 21. Rae1 Bg7
22. g3 Rd7 23. Bb3 Qd8 24. Kg2 Rde7 25. Kh2 Qb8 26. Qd3 Rd7 27. Nf3 Qc7 28. Ne5
Rde7 29. c4 bxc4 30. Qxc4 Rc8 31. Rc1 Ree8 32. Nxc6 Bf8 33. b5 Bd6 34. Qd3 h5
35. Ne5 Qb7 36. Rxc8 Rxc8 37. a6 Qc7 38. Qf3 Kg7 39. Bg5 Be7 40. Bxd5 exd5 41.
Nc6 1-0

[Event "European Rapid 2017"]
[Site "Katowice POL"]
[Date "2017.12.16"]
[Round "5.54"]
[White "Novosadova, Kristyna"]
[Black "Bosiocic, Marin"]
[Result "0-1"]
[BlackTitle "GM"]
[WhiteElo "2224"]
[BlackElo "2624"]
[WhiteFideId "328065"]
[BlackFideId "14507927"]
[EventDate "2017.12.16"]

1. e4 c5 2. Nf3 e6 3. d4 cxd4 4. Nxd4 Nc6 5. Nc3 Qc7 6. Be3 a6 7. a3 b5 8. Qg4
h5 9. Qh3 Bb7 10. Nxc6 Bxc6 11. Bd3 Nf6 12. O-O Ng4 13. Bd2 Bd6 14. g3 Ne5 15.
f4 Bc5+ 16. Kh1 Ng4 17. Nd1 f5 18. Qg2 h4 19. Be1 h3 20. Qe2 Nf6 21. Nc3 fxe4 0-1

[Event "European Rapid 2017"]
[Site "Katowice POL"]
[Date "2017.12.16"]
[Round "5.55"]
[White "Olszewski, Michal"]
[Black "Tomaszewski, Kacper"]
[Result "1-0"]
[WhiteTitle "GM"]
[WhiteElo "2540"]
[BlackElo "2292"]
[WhiteFideId "1121251"]
[BlackFideId "1127373"]
[EventDate "2017.12.16"]

1. e4 c5 2. Nf3 e6 3. d4 cxd4 4. Nxd4 Nc6 5. Nc3 Qc7 6. f4 a6 7. Be3 Bb4 8. Bd3
Nf6 9. Qf3 d6 10. O-O Nxd4 11. Bxd4 e5 12. fxe5 dxe5 13. Qg3 Bc5 14. Bxc5 Qxc5+
15. Kh1 Ng4 16. Nd5 h5 17. b4 Qd6 18. h3 f5 19. Qh4 Rh6 20. Qg5 Be6 21. hxg4
hxg4+ 22. Kg1 Bxd5 23. Rxf5 Be6 24. Rf2 Qe7 25. Qxe5 Qh4 26. Kf1 g3 27. Rf3 Qh1+
28. Ke2 Qxg2+ 29. Ke3 O-O-O 30. Qxg3 Qxg3 31. Rxg3 Rg8 32. Rag1 g6 33. a4 Bf7
34. a5 Rh5 35. Rf1 Be8 36. Rf6 g5 37. Be2 Rh1 38. Rf5 Rc1 39. Kd2 Rb1 40. Kc3
Bc6 41. e5 Kb8 42. Rfxg5 Rc8 43. Rg8 Be8+ 44. Bc4 Re1 45. Kd4 Rd8+ 46. Bd5 Rd1+
47. Rd3 Rxd3+ 48. cxd3 Kc7 49. e6 Kd6 50. Rg7 Bc6 51. Bxc6 Kxe6+ 52. Rd7 1-0

[Event "European Rapid 2017"]
[Site "Katowice POL"]
[Date "2017.12.16"]
[Round "5.56"]
[White "Karpus, Michal"]
[Black "Mohr, Georg"]
[Result "1-0"]
[WhiteTitle "FM"]
[BlackTitle "GM"]
[WhiteElo "2328"]
[BlackElo "2473"]
[WhiteFideId "1174088"]
[BlackFideId "14600013"]
[EventDate "2017.12.16"]

1. e4 Nc6 2. d4 d5 3. e5 Bf5 4. Nf3 f6 5. Bb5 Qd7 6. c4 a6 7. Ba4 e6 8. cxd5
exd5 9. Nc3 Nge7 10. O-O b5 11. Bb3 Bg4 12. Re1 Bxf3 13. Qxf3 Nxd4 14. Qd3 Nxb3
15. axb3 c6 16. exf6 gxf6 17. Qd4 Kf7 18. Ne4 Bg7 19. Nc5 Qc8 20. Bd2 Re8 21.
Bc3 Nf5 22. Qg4 Nd6 23. Qf4 Qc7 24. Rxe8 Rxe8 25. Nxa6 Qe7 26. Bb4 Bf8 27. h3
Qd7 28. Nc5 Qf5 29. Ra7+ Re7 30. Rxe7+ Bxe7 31. Qd2 Ne8 32. Nb7 Bxb4 33. Qxb4
Qb1+ 34. Kh2 Qxb2 35. Nd8+ Kg8 36. Nxc6 Qxf2 37. Ne7+ Kf7 38. Nxd5 Ng7 39. Qxb5
Qf5 40. Qb7+ Kf8 41. Qe7+ 1-0

[Event "European Rapid 2017"]
[Site "Katowice POL"]
[Date "2017.12.16"]
[Round "5.57"]
[White "Arnaudov, G. Petar"]
[Black "Caprino, Marco"]
[Result "1-0"]
[WhiteTitle "GM"]
[WhiteElo "2439"]
[BlackElo "2154"]
[WhiteFideId "2907127"]
[BlackFideId "841323"]
[EventDate "2017.12.16"]

1. Nf3 g6 2. d4 Bg7 3. c4 c5 4. d5 f5 5. Qc2 d6 6. Nc3 Nf6 7. e3 O-O 8. Bd3 e5
9. dxe6 Nc6 10. a3 Bxe6 11. Ng5 Bd7 12. O-O Ne5 13. Be2 Bc6 14. Ne6 Qe7 15. Nxf8
Rxf8 16. Bd2 Nfg4 17. h3 Qh4 18. Nd5 Bxd5 19. cxd5 Nf6 20. f4 Ned7 21. Bf3 Ne8
22. Bc3 Qe7 23. Rae1 Nef6 24. e4 fxe4 25. Bxe4 Qf7 26. Bf3 Nb6 27. f5 gxf5 28.
Qxf5 Nfd7 29. Qxf7+ Rxf7 30. Re8+ Bf8 31. Rfe1 Na4 32. Bh5 Rf5 33. Bg4 1-0